Statistics for Test Cricket - 10 wickets in a match

Click here to take the quiz!

General Stats

  • This quiz has been taken 151 times
  • The average score is 6 of 11

Answer Stats

Times AchievedCountryPlayer% Correct
10AustraliaShane Warne
98%
22Sri LankaMuttiah Muralitharan
93%
8IndiaAnil Kumble
84%
9New ZealandRichard Hadlee
80%
9Sri LankaRangana Herath
68%
7IndiaRavi Ashwin
57%
7AustraliaDennis Lillee
55%
6PakistanImran Khan
55%
7EnglandSydney Barnes
23%
6EnglandDerek Underwood
22%
7AustraliaClarrie Grimmett
12%

Score Distribution

Percentile by Number Answered

Percent of People with Each Score

Your Score History

You have not taken this quiz